Continuos-time markov-modulated chains in operations research (Record no. 1430539)

MARC details
000 -LEADER
fixed length control field 00561nam a2200193Ia 4500
005 - DATE AND TIME OF LATEST TRANSACTION
control field 20250627112746.0
008 - FIXED-LENGTH DATA ELEMENTS--GENERAL INFORMATION
fixed length control field 008 250516s9999 xx 000 0 eng d
020 ## - INTERNATIONAL STANDARD BOOK NUMBER
International Standard Book Number 9789811286155
040 ## - CATALOGING SOURCE
Language of cataloging eng
Transcribing agency SDCL
041 ## - LANGUAGE CODE
Language code of text/sound track or separate title eng
Source of code eng
084 ## - COLON CLASSIFICATION NUMBER
Classification number B2893 R4
100 ## - MAIN ENTRY--PERSONAL NAME
Personal name Andronov, Alexander
245 #0 - TITLE STATEMENT
Title Continuos-time markov-modulated chains in operations research
260 ## - PUBLICATION, DISTRIBUTION, ETC.
Place of publication, distribution, etc. New Jersey :
Name of publisher, distributor, etc. World Scientific,
Date of publication, distribution, etc. 2024.
300 ## - PHYSICAL DESCRIPTION
Extent xvi, 210p.
650 ## - SUBJECT ADDED ENTRY--TOPICAL TERM
Topical term or geographic name entry element Operational Research
700 ## - ADDED ENTRY--PERSONAL NAME
Personal name Mahareva, Kristina
942 ## - ADDED ENTRY ELEMENTS (KOHA)
Koha item type Textual
Source of classification or shelving scheme Colon Classification (CC)
100 ## - MAIN ENTRY--PERSONAL NAME
-- 810070
700 ## - ADDED ENTRY--PERSONAL NAME
-- 810071
999 ## -
-- 1430539
-- 1430539
Holdings
Withdrawn status Lost status Source of classification or shelving scheme Damaged status Not for loan Home library Current library Date acquired Source of acquisition Inventory number Total checkouts Full call number Barcode Date last seen Price effective from Koha item type
    Colon Classification (CC)     South Campus Library South Campus Library 2025-05-22 Classic Book Service 201, 02/01/2025   B2893 R4 SC1691028 2025-05-22 2025-05-22 Textual
Copyright @ Delhi University Library System